000 01003nam a2200241 a 4500
001 BRCA_1008
005 20190320203235.0
008 060503s2006 mx-a---###---#000-0#spa-#
020 _a8496008797 (SEACEX)
020 _a9680301168 (INAH)
040 _aDLC
_cDLC
050 4 _aDP203
_b.E87 2006
245 1 0 _aEspaña medieval y el legado de Occidente.
260 _a[España]
_bSociedad Estatal para la Acción Cultural Exterior de España
260 _aMéxico
_bINAH : CONACULTA
_c2006
300 _a352 p.
_bil. a color, mapas
_c30 cm.
500 _aCatálogo de la exposición realizada en el Museo Nacional de Antropología y Museo Nacional de Historia, Castillo de Chapultepec (Ciudad de México), octubre 2005 - febrero 2006
504 _aIncluye referencias bibliográficas
651 4 _aEspaña
_vFuentes
_xHistoria
_y711-1516
_93321
651 4 _aEspaña
_vFuentes
_xVida y costumbres sociales
_y711-1516
_93322
651 4 _aEspaña
_vFuentes
_xVida intelectual
_y711-1516
_93323
942 _2lcc
_cB
999 _c889
_d889